| 000 | 00341nam a22001457a 4500 | ||
|---|---|---|---|
| 020 | _qHB. | ||
| 040 | _cFIZZA ISHAQ | ||
| 082 |
_a624.16 _bDUN |
||
| 100 |
_aWYLLIE,C.DUNCAN. _9110060 |
||
| 245 |
_aROCK SLOPE ENGINEERING / _cDUNCAN C. WYLLIE. |
||
| 250 | _a5TH ED. | ||
| 260 |
_bCRC PRESS, _c2017. |
||
| 300 | _a568 P. ; | ||
| 942 |
_2ddc _cBK |
||
| 999 |
_c593604 _d593604 |
||